000 00252nam a2200109Ia 4500
008 190906s9999||||xx |||||||||||||| ||und||
100 _aTerry Price
245 0 _aMastering Business Law
260 _aLodon
_bMacmillan
_c1995
300 _a315
942 _cBK
999 _c5933
_d5933